Normal view
MARC view
Entry Personal Name
001 - CONTROL NUMBER
- control field: 27869
003 - CONTROL NUMBER IDENTIFIER
- control field: OSt
005 - DATE AND TIME OF LATEST TRANSACTION
- control field: 20211004121939.0
008 - FIXED-LENGTH DATA ELEMENTS
- fixed length control field: 211004|| aca||aabn | a|a d
040 ## - CATALOGING SOURCE
- Original cataloging agency: OSt
- Transcribing agency: OSt
100 ## - HEADING--PERSONAL NAME
- Personal name: Rajasthan. Nirvachan Vibhag
670 ## - SOURCE DATA FOUND
- Source citation: Work cat.: (OSt): Rajasthan. Nirvachan Vibhag, Varshik Prashasnik prativedan, 2020-21, 2021
